00503 2200205 4500001002100000008004100021035002000062245002900082100001500111260003700126300002000163020002200183084001400205082000800219650001000227990001500237990001500252990001500267990001500282INLIS000000000003215 ind  a0010-1225000036 aSi Anak BadaicTere Liye aLiye, Tere aDepok :bPT Sabak Grip Nusantara a335c13,5x20 cm a978-623-9607-42-5 a813 LIY s a813 aFiksi a19666/B/26 a19667/B/26 a19668/B/26 a19669/B/26